| 000 | 00571nam a2200181 i 4500 | ||
|---|---|---|---|
| 001 | 135228 | ||
| 003 | ES-MaACL | ||
| 005 | 20230906194832.0 | ||
| 007 | t| | ||
| 008 | 070712s1959 sp ||||1| spa d | ||
| 080 | _a620.19(029 | ||
| 100 | 1 |
_aTödt, Fritz. _9110415 |
|
| 245 | 1 | 0 |
_aCorrosión y protección / _cfritz Tödt ; traducción española y prólogo de Francisco Muñoz del Corral. |
| 260 |
_aMadrid : _bAguilar, _c1959. |
||
| 300 |
_aXX, 1034 p. : _bil. ; _c24 cm. |
||
| 700 | 1 |
_aMuñoz del Corral, Francisco. _984396 |
|
| 852 |
_aES-MaACL _jC-17419 _bR.44958 |
||
| 999 |
_c135228 _d135228 |
||